[Event "HUN-chT1 9596"]
[Site "HUN"]
[Date "1995.??.??"]
[Round "6"]
[White "Farago, Ivan"]
[Black "Horvath, Gyula"]
[Result "1/2-1/2"]
[WhiteElo "2515"]
[BlackElo "2455"]

1.d4 Nf6 2.c4 e6 3.Nf3 b6 4.a3 Bb7 5.Nc3 d5 6.cxd5 Nxd5 7.Qc2 c5 8.dxc5 Bxc5
9.Bg5 Qc8 10.e3 O-O 11.Nxd5 Bxd5 12.Bd3 h6 13.Bh4 Nd7 14.O-O a5 15.Rac1 a4
16.Bh7+ Kh8 17.Be4 Bxe4 18.Qxe4 Ra7 19.Rc4 Qa6 20.Qc2 Qb5 21.Rd1 Re8 22.Nd4 Bxd4
23.Rcxd4 Nc5 24.Bd8 Rb7 25.Rb4 Qc6 26.Rc4 Rb8 27.Bxb6 Qxb6 28.Rxc5 Qxb2 29.Qxa4 Red8
30.Rcc1 Rd2 31.Qf4 Rbd8 32.Qf3  1/2-1/2

[Event "HUN-chT1 9596"]
[Site "HUN"]
[Date "1995.??.??"]
[Round "6"]
[White "Koczka, Zsolt"]
[Black "Orgovan, Sandor"]
[Result "1/2-1/2"]
[WhiteElo "2310"]
[BlackElo "2325"]

1.d4 Nf6 2.c4 e6 3.Nf3 b6 4.a3 c5 5.d5 exd5 6.cxd5 d6 7.Nc3 g6 8.e4 Bg7 9.h3 O-O
10.Bd3 Na6 11.O-O Nc7 12.Re1 Re8 13.a4  1/2-1/2

[Event "ISL-chT"]
[Site "Island"]
[Date "1995.??.??"]
[Round "?"]
[White "Olafsson, Helgi"]
[Black "Stefansson, Hannes"]
[Result "0-1"]
[WhiteElo "2470"]
[BlackElo "2520"]

1.d4 Nf6 2.c4 e6 3.Nf3 b6 4.a3 Bb7 5.Nc3 d5 6.Qc2 Be7 7.cxd5 Nxd5 8.Bd2 O-O
9.e4 Nxc3 10.Bxc3 Nd7 11.Rd1 Qc8 12.Bd3 Rd8 13.O-O c5 14.d5 c4 15.Be2 exd5
16.exd5 Bf6 17.d6 b5 18.Rfe1 Qc5 19.Bf1 Bxf3 20.gxf3 Qg5+ 21.Bg2 Rac8 22.f4 Qxf4
23.Bh3 g6 24.Bxf6 Qxf6 25.Re7 Rc5 26.Bxd7 Rg5+ 27.Kf1 Qf3 28.Be8 Rf5 29.Rd2 Qh1+
30.Ke2 Qf3+ 31.Kf1 Qh1+ 32.Ke2 Qxh2 33.d7 Rxf2+ 34.Kd1 Rf1+ 35.Re1 Rxe1+
36.Kxe1 Qg1+ 37.Ke2 Qg2+ 38.Ke3 Qg3+ 39.Kd4 Qf4+ 40.Kc5 Qc7+ 41.Kxb5 Rb8+
42.Ka4 Qc6+ 43.Ka5 Qb5+  0-1

[Event "Isle of Lewis"]
[Site "Isle of Lewis"]
[Date "1995.??.??"]
[Round "1"]
[White "Motwani, Paul"]
[Black "Agdestein, Simen"]
[Result "1/2-1/2"]
[WhiteElo "2510"]
[BlackElo "2600"]

1.Nf3 Nf6 2.c4 e6 3.d4 b6 4.a3 Bb7 5.Nc3 d5 6.Bg5 Be7 7.Qa4+ c6 8.Bxf6 Bxf6
9.e4 dxc4 10.Qxc4 O-O 11.Rd1 Nd7 12.e5 Be7 13.Bd3 Qb8 14.Be4 a5 15.Qd3 h6
16.Qe3 b5 17.O-O Rc8 18.Ne2 c5 19.d5 exd5 20.Bxd5 Bxd5 21.Rxd5 Nb6 22.Rdd1 Nc4
23.Qc3 a4 24.Nf4 Re8 25.Rd7 Nb6 26.Rdd1 Bf8 27.Rfe1 b4 28.Qc1 c4 29.axb4 Bxb4
30.Re4 Qb7 31.Qc2 Rad8 32.Red4 Rxd4 33.Rxd4 Bc5 34.Rd1 Qc6 35.e6 Qc7 36.Qf5 f6
37.Nh5 Kh8 38.Qg6 Rg8 39.Nh4 Nc8 40.Qe4 Ne7 41.Rd7 Qa5 42.Rxe7 f5 43.Nxf5 Bxe7
44.Nxe7 Re8 45.Ng6+ Kg8  1/2-1/2

[Event "Katowice op"]
[Site "Katowice"]
[Date "1995.??.??"]
[Round "3"]
[White "Leskiewicz, Maksymilian"]
[Black "Romanishin, Oleg M"]
[Result "1/2-1/2"]
[WhiteElo "2170"]
[BlackElo "2595"]

1.d4 Nf6 2.c4 e6 3.Nf3 b6 4.a3 Bb7 5.Nc3 g6 6.Bg5 Bg7 7.e3 O-O 8.Be2 d6 9.d5 e5
10.b4 Nbd7 11.e4 h6 12.Bh4 Qe8 13.Nd2 Nh7 14.g4 Bf6 15.Bxf6 Ndxf6 16.h4 Qe7
17.Nf1 a5 18.b5 Nd7 19.Ng3 Qf6 20.Qd2 Qf4 21.Rg1 Nc5 22.Bd1 Rae8 23.f3 Bc8
24.Qxf4 exf4 25.Nge2 g5 26.Kd2 Nf6 27.Nd4 Nfd7 28.Be2 Ne5 29.hxg5 hxg5 30.Rh1 Ng6
31.Rh5 f6 32.Rah1 Re7 33.R1h2 Rff7 34.Nc6 Re8 35.Nd4 Nh4 36.Bd1 Rh7 37.Rxh7 Kxh7
38.Nce2 Kg7 39.Nc3 Bd7 40.Kc2 Ng6 41.Be2 Nh4 42.Bd1 Rh8 43.Be2 Rh7 44.Bf1 Kg8
45.Rh3 Bc8 46.Kd2 Nd7 47.Ke1 Ne5 48.Kf2 Bd7 49.Nb1 Re7 50.Nd2 Re8 51.Be2 Kg7
52.Nf5+ Nxf5 53.exf5 Rh8  1/2-1/2

[Event "Katowice op"]
[Site "Katowice"]
[Date "1995.??.??"]
[Round "8"]
[White "Kachur, Alexander"]
[Black "Nikolenko, Oleg"]
[Result "0-1"]
[WhiteElo "2315"]
[BlackElo "2480"]

1.d4 Nf6 2.c4 e6 3.Nf3 b6 4.a3 Ba6 5.Qc2 Bb7 6.Nc3 c5 7.d5 exd5 8.cxd5 Nxd5
9.Bg5 Be7 10.Nb5 O-O 11.Nd6 Ne3 12.fxe3 Bxf3 13.exf3 Bxg5 14.Qe4 Qe7 15.Qxe7 Bxe7
16.O-O-O Nc6 17.Bc4 Bxd6 18.Rxd6 Rae8 19.Re1 Re7 20.Bb5 Nb8 21.Bc4 Rc8 22.Bd5 Kf8
23.Be4 Re6 24.Rd3 Ke7 25.Red1 Rd8 26.Kc2 d6 27.Bd5 Rh6 28.h3 Na6 29.f4 Nc7
30.Bf3 f5 31.b4 Rb8 32.Kc3 Re6 33.g4 g6 34.gxf5 gxf5 35.Rg1 Rg6 36.Rgd1 Rh6
37.h4 Rxh4 38.Rg1 Ne6 39.Bd5 Rg4 40.Rh1 Rh8 41.Rh5 Ng7 42.Rh1 Rg6 43.e4 fxe4
44.Re3 Nf5 45.Rxe4+ Kf6 46.bxc5 bxc5 47.Rb1 Nd4 48.Rb7 Rg7 49.Rxg7 Kxg7 50.Re7+ Kg6
51.Kd3 a5 52.Rd7 Nf5 53.Be4 Kf6 54.Bxf5 Kxf5 55.Rxd6 Kxf4 56.Kc4 h5 57.Kxc5 h4
58.Rf6+ Ke3 59.Re6+ Kd2 60.Rd6+ Kc2 61.Kb5 Rh5+ 62.Ka4 h3 63.Rc6+  0-1

[Event "Katowice op"]
[Site "Katowice"]
[Date "1995.??.??"]
[Round "9"]
[White "Dydyshko, Viacheslav"]
[Black "Gagarin, Vasilij"]
[Result "1-0"]
[WhiteElo "2495"]
[BlackElo "2440"]

1.d4 Nf6 2.c4 e6 3.Nf3 b6 4.a3 Ba6 5.Qc2 Bb7 6.Nbd2 c5 7.e3 Be7 8.b3 O-O
9.Bb2 cxd4 10.exd4 d6 11.Bd3 Nbd7 12.O-O Re8 13.Rfe1 Nf8 14.Rac1 Ng6 15.b4 Rc8
16.Qa4 a6 17.Qb3 Rc7 18.Bb1 Qa8 19.Qe3 Ng4 20.Qd3 Nf6 21.Rcd1 Bf8 22.Qf1 Nf4
23.Re3 a5 24.g3 Ng6 25.bxa5 bxa5 26.Rc1 Ba6 27.Qd1 Rec8 28.Ba2 Bb7 29.Ng5 a4
30.Bb1 Qa5 31.h4 Qb6 32.Bc3 Qc6 33.Ngf3 e5 34.d5 Qa6 35.Bd3 Ng4 36.Re1 Nf6
37.Bf5 Ra8 38.Bb4 Ne7 39.Bh3 Nc8 40.Bf1 Qa7 41.Ng5 Nb6 42.Nge4 Ne8 43.Nc3 Ba6
44.Nxa4 Nxd5 45.cxd5 Rxc1 46.Qxc1 Bxf1 47.Rxf1 Qxa4 48.Qc4 h6 49.Rc1 Qa7
50.Qd3 Qd7 51.Rc6 Qg4 52.Nc4 Rd8 53.Ne3 Qd4 54.Qxd4 exd4 55.Nc4 Nf6 56.Nb6 Ng4
57.Kf1 Ne5 58.Rc8 Be7 59.a4 Nd3 60.Ba3 Rxc8 61.Nxc8 Bd8 62.Nxd6 Ba5 63.Nb7 Bb6
64.f4 g5 65.hxg5 hxg5 66.Ke2 gxf4 67.Kxd3 fxg3 68.Bd6 g2 69.Bh2 f5 70.a5 Bd8
71.Nxd8  1-0

[Event "Katrineholm"]
[Site "Katrineholm"]
[Date "1995.??.??"]
[Round "?"]
[White "Cramling, Pia"]
[Black "Sjoberg, Mats"]
[Result "1-0"]
[WhiteElo "2520"]
[BlackElo "2435"]

1.d4 Nf6 2.c4 e6 3.Nf3 b6 4.a3 Ba6 5.Qc2 Bb7 6.Nc3 c5 7.e4 cxd4 8.Nxd4 Bc5
9.Nb3 Nc6 10.Bg5 h6 11.Bh4 Be7 12.Be2 Rc8 13.Bg3 O-O 14.Rd1 a6 15.Qd3 Nb8
16.O-O b5 17.c5 Bc6 18.Bf3 Nh7 19.Nd5 Bh4 20.Nb6 Bxg3 21.Nxc8 Be5 22.Nd6 Ng5
23.Nd2 Bxb2 24.Be2 Qa5 25.f4 Nh7 26.Nb1 e5 27.Qb3 Bd4+ 28.Rxd4 exd4 29.Nxf7 Rxf7
30.Bh5 d5 31.cxd6 Be8 32.e5 Qa4 33.Qxa4 bxa4 34.Bxf7+ Kxf7 35.f5 Bb5 36.Rc1 Nc6
37.e6+ Kf6 38.Nd2 Ng5 39.Re1 d3 40.h4 Nh7 41.g4 Nb8 42.Rb1  1-0

[Event "Katrineholm"]
[Site "Katrineholm"]
[Date "1995.??.??"]
[Round "?"]
[White "Olafsson, Helgi"]
[Black "Davies, Nigel R"]
[Result "1/2-1/2"]
[WhiteElo "2520"]
[BlackElo "2530"]

1.d4 Nf6 2.Nf3 e6 3.c4 b6 4.a3 Bb7 5.Nc3 d5 6.Qc2 Be7 7.cxd5 exd5 8.Bf4 O-O
9.e3 c5 10.Be2 Nbd7 11.O-O Rc8 12.Rfd1 Ne4 13.dxc5 Ndxc5 14.Nxe4 Nxe4 15.Qb3 Bf6
16.Nd4 Nc5 17.Qa2 Ne6 18.Nxe6 fxe6 19.Rd2 Kh8 20.Rad1 Qe7 21.Bg3 Rc5 22.Qb1 Rfc8
23.Qd3 g6 24.h3 Kg7 25.Bf3 Rc4 26.Qe2 Kg8 27.e4 dxe4 28.Bg4 Rc1 29.Rd6 Bd5
30.Rxd5 exd5 31.Bxc8 Rxc8 32.Rxd5 Rd8 33.Rxd8+ Qxd8 34.Qc4+ Kh8 35.b4 Qe7
36.Bf4 h5 37.b5 Kg7 38.a4 g5 39.Be3 h4 40.Kf1 Qe5 41.Ke2 Qb2+ 42.Bd2 Qe5
43.Kf1 Qa1+ 44.Be1 Qe5 45.Qb3  1/2-1/2

[Event "RUS-sf"]
[Site "Kazan"]
[Date "1995.??.??"]
[Round "8"]
[White "Vasiliev, Rustam N"]
[Black "Murzin, Lenar"]
[Result "1-0"]
[WhiteElo "2405"]
[BlackElo "2265"]

1.d4 Nf6 2.Nf3 e6 3.c4 b6 4.a3 Bb7 5.Nc3 d5 6.cxd5 Nxd5 7.e4 Nxc3 8.bxc3 Be7
9.Bb5+ c6 10.Bd3 O-O 11.e5 Nd7 12.Qc2 h6 13.h4 c5 14.Rh3 cxd4 15.cxd4 f5
16.Bc4 Bd5 17.Bxd5 exd5 18.Qc6 Rc8 19.Qxd5+ Kh7 20.Qe6 Qe8 21.Kf1 b5 22.Bg5 Rf7
23.Bxe7 Qxe7 24.Ng5+ hxg5 25.hxg5+ Kg8 26.Qg6 Nf8 27.Qh5 Ng6 28.Qh7+  1-0

[Event "Kiekrz op"]
[Site "Kiekrz"]
[Date "1995.??.??"]
[Round "6"]
[White "Ahlander, Bjorn"]
[Black "Hansen, Gunnar West"]
[Result "1-0"]
[WhiteElo "2400"]
[BlackElo "2275"]

1.d4 Nf6 2.c4 e6 3.Nf3 b6 4.a3 Bb7 5.Nc3 d5 6.Qc2 Be7 7.cxd5 exd5 8.Bf4 c6
9.e4 dxe4 10.Nxe4 Nxe4 11.Qxe4 Nd7 12.Bg5 h6 13.Bh4 Kf8 14.Bg3 Nf6 15.Qc2 Bd6
16.Ne5 c5 17.Bc4 Bxe5 18.dxe5 Ne4 19.O-O Qd2 20.Qb3 Nxg3 21.hxg3 h5 22.Rad1 Qg5
23.Rd7  1-0

[Event "Platonov mem"]
[Site "Kiev"]
[Date "1995.??.??"]
[Round "2"]
[White "Koutsin, Sergey"]
[Black "Ostojic, Nikola"]
[Result "1/2-1/2"]
[WhiteElo "2455"]
[BlackElo "2455"]

1.d4 Nf6 2.c4 e6 3.Nf3 b6 4.a3 Bb7 5.Nc3 d5 6.Bg5 Be7 7.e3 O-O 8.Rc1 Nbd7
9.cxd5 exd5 10.Bd3 c5 11.O-O Ne4 12.Bxe7 Qxe7 13.Qe2 Rad8 14.Rfd1 Nxc3 15.Rxc3 c4
16.Bf5 Nf6 17.Ne5 b5 18.Rcc1 g6 19.Bb1 Ne8 20.Qd2 f6 21.Nf3 Ra8 22.Qa5 Nd6
23.Nd2 Qd8 24.Qc3 a5 25.b4 axb4 26.axb4 Qe7 27.Bc2 Ra7 28.Ra1 Rfa8 29.Rxa7 Rxa7
30.Qb2  1/2-1/2

[Event "Platonov mem"]
[Site "Kiev"]
[Date "1995.??.??"]
[Round "4"]
[White "Koutsin, Sergey"]
[Black "Komarov, Dimitri"]
[Result "1/2-1/2"]
[WhiteElo "2455"]
[BlackElo "2575"]

1.d4 Nf6 2.Nf3 b6 3.c4 e6 4.a3 Bb7 5.Nc3 d5 6.Bg5 Be7 7.e3 O-O 8.Rc1 Nbd7
9.cxd5 exd5 10.Be2 c5 11.O-O Re8 12.Re1 h6 13.Bf4 Nh5 14.Be5 Nhf6  1/2-1/2

[Event "Platonov mem"]
[Site "Kiev"]
[Date "1995.??.??"]
[Round "6"]
[White "Savchenko, Stanislav"]
[Black "Komarov, Dimitri"]
[Result "1/2-1/2"]
[WhiteElo "2590"]
[BlackElo "2575"]

1.d4 Nf6 2.c4 e6 3.Nf3 b6 4.a3 Be7 5.Nc3 d5 6.Bg5 Bb7 7.Qa4+ Qd7 8.Qxd7+ Nbxd7
9.Nb5 Kd8 10.cxd5 Nxd5 11.Rc1 f6 12.Bd2 a6 13.Nc3 c5 14.e3 Ke8 15.Bc4 b5
16.Bxd5 exd5 17.dxc5 Nxc5 18.Ke2 Nb3 19.Rc2 Kf7 20.Nd4 Nxd4+ 21.exd4 Rhe8  1/2-1/2

[Event "Clarin op"]
[Site "La Carlota"]
[Date "1995.??.??"]
[Round "2"]
[White "Minzer, Claudio Javier"]
[Black "Quiroga, Facundo"]
[Result "0-1"]
[WhiteElo "2390"]
[BlackElo "2430"]

1.d4 Nf6 2.c4 e6 3.Nf3 b6 4.a3 Ba6 5.e3 d5 6.Nbd2 Bd6 7.b4 c5 8.dxc5 bxc5
9.b5 Bb7 10.Bb2 Nbd7 11.Be2 Qc7 12.Qc2 O-O 13.O-O d4 14.e4 Rad8 15.h3 Bf4
16.Bd3 Ne5 17.Nxe5 Qxe5 18.Rae1 Qh5 19.Nb3 Rc8 20.Qe2 Qxe2 21.Rxe2 Nd7 22.Bc1 Bxc1
23.Nxc1 Nb6 24.Nb3 e5 25.f3 a6 26.a4 Nxa4 27.bxa6 Bc6 28.Ra2 Ra8 29.Rfa1 Rfb8
30.Na5 Be8 31.Nb7 Rxa6 32.Nxc5 Nxc5 33.Rxa6 Nxd3 34.Rd6 Kf8 35.Ra7 Rc8 36.g3 Rxc4
37.Rd8 Rc1+ 38.Kg2 Rc6 39.f4 exf4 40.Rxd4 Rc2+ 41.Kf1 f3  0-1

[Event "Linares zt"]
[Site "Linares"]
[Date "1995.??.??"]
[Round "4"]
[White "Piket, Jeroen"]
[Black "Nijboer, Friso"]
[Result "1-0"]
[WhiteElo "2625"]
[BlackElo "2485"]

1.d4 Nf6 2.c4 e6 3.Nf3 b6 4.a3 Ba6 5.Qc2 Bb7 6.Nc3 c5 7.e4 cxd4 8.Nxd4 Nc6
9.Nxc6 Bxc6 10.Bf4 Bc5 11.Be2 O-O 12.O-O-O Ne8 13.Bg3 e5 14.Kb1 f6 15.f4 Bd4
16.Bf3 Qe7 17.Nd5 Bxd5 18.exd5 Rc8 19.Rhe1 Qc5 20.fxe5 fxe5 21.Bxe5 Bxe5
22.Rxe5 Nd6 23.Re7 Nxc4 24.Qe2 Qd6 25.Ka2 b5 26.Rd4 a6 27.Be4 Qf6 28.Rd3 Qf2
29.Rh3 h6 30.Rxg7+ Kxg7 31.Qg4+ Kf6 32.Rf3+ Qxf3 33.gxf3 Ke5 34.Qxd7 Rcd8
35.Qg7+ Kf4 36.Qxh6+ Ke5 37.Qxa6 Nd6 38.Qa5 Nxe4 39.fxe4 Kxe4 40.Qxb5  1-0

[Event "EUCup f"]
[Site "Ljubljana"]
[Date "1995.??.??"]
[Round "1"]
[White "Kozul, Zdenko"]
[Black "Anastasian, Ashot"]
[Result "1/2-1/2"]
[WhiteElo "2580"]
[BlackElo "2520"]

1.d4 Nf6 2.c4 e6 3.Nf3 b6 4.a3 Bb7 5.Nc3 d5 6.Bg5 Be7 7.Qa4+ Qd7 8.Qxd7+ Nbxd7
9.Nb5 Kd8 10.cxd5 Bxd5 11.Bf4 c6 12.Nc3 Bxf3 13.exf3 a6 14.g4 h6 15.Rc1 Kc8
16.Ne4 Nd5 17.Bg3 Kb7 18.Bc4 Rad8 19.O-O N7f6 20.Be5 h5 21.g5 Ne8 22.h4 Rg8
23.Rc2 f6 24.Bh2 Nd6 25.Bxd5 exd5 26.Nxd6+ Bxd6 27.Bxd6 Rxd6 28.Re1 Rc8 29.Kg2 a5
30.Kg3 Rc7 31.Re8 c5 32.Rh8 g6 33.Rf8 f5 34.Kf4 cxd4 35.Rd2 Re7 36.Rf6 Kc6
37.Rxd4 Ree6 38.Rd3 Rxf6 39.gxf6 Rxf6 40.Ke5 Rd6 41.f4 Rd8 42.Kf6 Rd6+  1/2-1/2

[Event "EUCup f"]
[Site "Ljubljana"]
[Date "1995.??.??"]
[Round "2"]
[White "Lobron, Eric"]
[Black "Greenfeld, Alon"]
[Result "1-0"]
[WhiteElo "2595"]
[BlackElo "2570"]

1.d4 Nf6 2.Nf3 e6 3.c4 b6 4.a3 Bb7 5.Nc3 g6 6.d5 Bg7 7.g3 O-O 8.Bg2 exd5
9.cxd5 c6 10.d6 c5 11.Nb5 Na6 12.O-O Bc6 13.a4 Qc8 14.Bg5 Qb7 15.Qc1 Rae8
16.Re1 Nb4 17.Nc7 Re4 18.a5 b5 19.b3 c4 20.Rb1 cxb3 21.Bxf6 Bxf6 22.Rxb3 Rc4
23.Qh6 Bg7 24.Qh3 Nc2 25.Rd1 b4 26.Ng5 h6 27.Nd5 Bxd5 28.Bxd5 Qxd5 29.Rxd5 hxg5
30.Qxd7 Nd4 31.Rxd4 Rxd4 32.Qxa7 Rxd6 33.Rxb4 Rdd8 34.a6 Be5 35.Qe3  1-0

[Event "Ljubljana op"]
[Site "Ljubljana"]
[Date "1995.??.??"]
[Round "3"]
[White "Petrosian, Arshak B"]
[Black "Fucak, Emilijo"]
[Result "1-0"]
[WhiteElo "2435"]
[BlackElo "2300"]

1.d4 Nf6 2.c4 e6 3.Nf3 b6 4.a3 Ba6 5.Qc2 c5 6.d5 exd5 7.cxd5 d6 8.Nc3 g6
9.g3 Bg7 10.Bg2 O-O 11.O-O Re8 12.Re1 b5 13.e4 Nbd7 14.Bf4 Qb6 15.h3 Bb7
16.Be3 a6 17.Nd2 Qc7 18.a4 b4 19.Ncb1 Nb6 20.a5 Nbd7 21.Nc4 Ne5 22.Nxe5 Rxe5
23.Nd2 Nd7 24.Nc4 Re7 25.f4 f6 26.Re2 Rae8 27.Rae1 Qb8 28.Bf2 Bc8 29.b3 Bb7
30.Bf3 Rf7 31.Kg2 Bc8 32.Bg4 Nf8 33.Bxc8 Rxc8 34.g4 Nd7 35.Bg3 Bf8 36.Qd3 Re8
37.h4 Qd8 38.Qf3 Qc7 39.Qd3 Qd8 40.Rf1 Qc7 41.Kh2 Ra8 42.Ref2 Rg7 43.e5 fxe5
44.fxe5 dxe5 45.d6 Qc6 46.Bxe5 Nxe5 47.Nxe5 c4 48.Nxc4 Rd8 49.Rf6 Qc5 50.Qe4 Qc8
51.Nb6 Qb8 52.Qe6+ Kh8 53.Nc4 Rgd7 54.Qxd7 Bxd6+ 55.Qxd6 Rxd6 56.Nxd6  1-0

[Event "EUCup f"]
[Site "Ljubljana"]
[Date "1995.??.??"]
[Round "3"]
[White "Akopian, Vladimir"]
[Black "Almasi, Zoltan"]
[Result "1/2-1/2"]
[WhiteElo "2625"]
[BlackElo "2630"]

1.d4 Nf6 2.c4 e6 3.Nf3 b6 4.a3 Ba6 5.Qc2 Bb7 6.Nc3 c5 7.e4 cxd4 8.Nxd4 Nc6
9.Nxc6 Bxc6 10.Bf4 Bc5 11.Be2 O-O 12.Rd1 a5 13.Bg3 Qc8 14.e5 Ne8 15.Ne4 Bxe4
16.Qxe4 f5 17.exf6 Nxf6 18.Qh4 Qe8 19.Bf3 Rd8 20.Bd6 Bxd6 21.Rxd6 e5 22.Be4 Nxe4
23.Qxe4 Rxf2 24.Qd5+ Qf7 25.Qxf7+ Rxf7 26.Rf1 Rxf1+ 27.Kxf1 Rc8 28.b3 a4
29.bxa4 Rxc4 30.Rxd7 Rxa4 31.Rb7 Rxa3 32.Rxb6 Kf7 33.Kf2 Rd3 34.Ke2 Rd4 35.Ke3 Ke7
36.Ra6 Rd6 37.Ra7+ Kf6 38.Ra2 Rb6 39.Rf2+ Ke6 40.Ra2 Rb3+ 41.Ke4 Rb4+ 42.Ke3 h5
43.Rf2 Kd5 44.Rd2+ Rd4 45.Ra2 Re4+ 46.Kf3 Rc4 47.Rd2+ Rd4 48.Ra2 Rc4 49.Rd2+ Ke6
50.Ke3 g5 51.Ra2 Kf5 52.Rf2+ Rf4 53.Ra2 Re4+ 54.Kf2 Rb4 55.Rc2 h4 56.Ra2 Rb3
57.Rc2 Ke4 58.Re2+ Kd4 59.Rd2+ Rd3 60.Ra2 e4 61.Ra4+ Ke5 62.Ra2 Kf4 63.Ke2 Re3+
64.Kf1 Rc3 65.Rf2+ Ke3 66.Re2+ Kd4 67.Rd2+ Ke5 68.Ra2 Rb3 69.Ke1 Rb1+ 70.Kf2 Kf4
71.Rc2 Kf5 72.Rc5+ Kg4 73.Rc2 Rb3 74.Ke1 h3 75.Ra2 Rb1+ 76.Kf2 Rh1 77.Re2 Kf4
78.g3+ Ke5 79.Ke3 Rc1 80.Ra2 Rc3+ 81.Ke2 Kd4 82.Rd2+ Ke5 83.Ra2 g4 84.Ra5+ Kd4
85.Ra4+ Rc4 86.Rxc4+ Kxc4 87.Ke3 Kd5 88.Ke2 Kd4 89.Kd2 e3+ 90.Ke2 Ke4 91.Ke1 Kf3
92.Kf1 e2+  1/2-1/2

[Event "PCA/Intel-GP"]
[Site "London"]
[Date "1995.??.??"]
[Round "1"]
[White "Lautier, Joel"]
[Black "Anand, Viswanathan"]
[Result "1-0"]
[WhiteElo "2645"]
[BlackElo "2725"]

1.d4 Nf6 2.c4 e6 3.Nf3 b6 4.a3 Ba6 5.Qc2 Bb7 6.Nc3 c5 7.e4 cxd4 8.Nxd4 Nc6
9.Nxc6 Bxc6 10.Bf4 Nh5 11.Be3 Qb8 12.O-O-O Bc5 13.Bxc5 bxc5 14.g3 O-O 15.f4 Nf6
16.Bd3 e5 17.Rhf1 Re8 18.f5 Qd8 19.Qe2 h6 20.g4 Nh7 21.Qf2 Qg5+ 22.Kb1 Kh8
23.Rg1 Nf6 24.Rdf1 Ng8 25.h4 Qe7 26.g5 f6 27.gxh6 Nxh6 28.Rg6 Rab8 29.Rfg1 Rg8
30.Bc2 Rb7 31.Qd2 Kh7 32.Ka1 Rgb8 33.Qg2 d6 34.Rxh6+ gxh6 35.Qg6+ Kh8 36.Qxh6+ Qh7
37.Qxf6+ Rg7 38.Rg6 Kg8 39.Qe6+  1-0

[Event "Lvov"]
[Site "Lvov"]
[Date "1995.??.??"]
[Round "5"]
[White "Sulipa, Aleksandar"]
[Black "Zheliandinov, Viktor"]
[Result "1/2-1/2"]
[WhiteElo "2435"]
[BlackElo "2350"]

1.d4 Nf6 2.c4 e6 3.Nf3 b6 4.a3 Ba6 5.Qc2 Bb7 6.Nc3 c5 7.dxc5 Bxc5 8.Bf4 O-O
9.Rd1 d5 10.cxd5 exd5 11.e3 Nbd7 12.Be2 Rc8 13.Qb3 a6 14.O-O Re8 15.Bd3 g6
16.Bb1 b5 17.Rfe1 Qe7 18.h3 Nb6 19.Bg5 Qe6 20.Nd4 Qe5 21.Nf3 Qe6 22.Nd4 Qe5
23.Bf4 Qe7 24.Bg5 Qe5 25.Nf3 Qe6 26.Nd4 Qe5 27.Nf3 Qe6  1/2-1/2

[Event "Lvov"]
[Site "Lvov"]
[Date "1995.??.??"]
[Round "10"]
[White "Galliamova, Alisa"]
[Black "Maksimenko, Andrei"]
[Result "0-1"]
[WhiteElo "2475"]
[BlackElo "2550"]

1.d4 Nf6 2.c4 e6 3.Nf3 b6 4.a3 Bb7 5.Nc3 d5 6.Qc2 Nbd7 7.cxd5 Nxd5 8.Nxd5 Bxd5
9.e4 Bb7 10.Bb5 Bd6 11.Bc6 Bxc6 12.Qxc6 O-O 13.e5 Be7 14.O-O Rc8 15.Be3 Nb8
16.Qb7 a6 17.Rac1 c6 18.Rc2 Re8 19.Rfc1 b5 20.Qa7 h6 21.Nd2 Qd5 22.Nb1 Bf8
23.Nc3 Qb3 24.Ne4 Red8 25.h3 Rd5 26.Qb7 Rcd8 27.Qb6 R5d7 28.Bxh6 Qd3 29.Bg5 Rc8
30.Nd6 Bxd6 31.exd6 Rxd6 32.Bf4 Qxd4 33.Qb7 Rdd8 34.Bxb8 Rxb8 35.Qxa6 c5
36.Rxc5 Qxb2 37.Rc8 Kh7 38.R8c2 Qb3 39.Rc7 Rd1+ 40.Rxd1 Qxd1+ 41.Kh2 Kg6
42.Rxf7 Kxf7 43.Qa7+ Kg6 44.Qxb8 Qd5 45.Qg3+ Kh7 46.h4 Qe4 47.Qg5 Qe2 48.f3 Qc4
49.Kg3 Qe2 50.Qf4 Kg8 51.Kh3 Qf1 52.Qd2 Qc4 53.Qd7 Kh7 54.Qb7  0-1

[Event "Madrid"]
[Site "Madrid"]
[Date "1995.??.??"]
[Round "5"]
[White "San Segundo, Pablo"]
[Black "Epishin, Vladimir"]
[Result "1/2-1/2"]
[WhiteElo "2480"]
[BlackElo "2635"]

1.d4 Nf6 2.c4 e6 3.Nf3 b6 4.a3 Bb7 5.Nc3 d5 6.Qc2 Be7 7.cxd5 exd5 8.Bf4 O-O
9.e3 c5 10.Bd3 Nbd7 11.O-O a6 12.a4 Re8 13.Rfd1 g6 14.Be2 Rc8 15.dxc5 Nxc5
16.Be5 Ncd7 17.Bd4 Bc5 18.Qb3 Rc7 19.Qa2 Qe7 20.h3 Rd8 21.Rac1 Rdc8 22.Ra1 Rd8
23.Rac1 Rdc8 24.Ra1 Rd8 25.Rac1 Rdc8 26.Ra1 b5 27.a5  1/2-1/2

[Event "Mainz op"]
[Site "Mainz"]
[Date "1995.??.??"]
[Round "3"]
[White "Hammes, Michael"]
[Black "Sakaev, Konstantin"]
[Result "0-1"]
[WhiteElo "2255"]
[BlackElo "2535"]

1.d4 Nf6 2.c4 e6 3.Nf3 b6 4.a3 Ba6 5.Qc2 Bb7 6.Nc3 c5 7.e4 cxd4 8.Nxd4 Bc5
9.Nb3 Nc6 10.Nxc5 bxc5 11.Bd3 a5 12.Be3 d6 13.O-O O-O 14.f4 e5 15.Rae1 Ng4
16.Bc1 exf4 17.Bxf4 Nge5 18.Nd5 Nd4 19.Qd1 Rb8 20.Bxe5 dxe5 21.Qh5 f6 22.Re3 Bc8
23.Rf2 Be6 24.g4 h6 25.Qh4 Rb3 26.Qg3 Qd7 27.h3 Qb7 28.h4 Rxb2 29.Rf1 Rd2
30.Rb1 Qd7 31.Qe1 Ra2 32.Nc3 Rxa3 33.Qc1 Rb3 34.Rxb3 Nxb3  0-1

[Event "Malmo"]
[Site "Malmo"]
[Date "1995.??.??"]
[Round "4"]
[White "Krasenkow, Michal"]
[Black "Hellsten, Johan"]
[Result "1-0"]
[WhiteElo "2575"]
[BlackElo "2420"]

1.c4 Nf6 2.Nf3 e6 3.d4 b6 4.a3 Ba6 5.Qc2 Bb7 6.Nc3 c5 7.e4 cxd4 8.Nxd4 Nc6
9.Nxc6 Bxc6 10.Bf4 Bc5 11.Be2 O-O 12.O-O-O e5 13.Bxe5 Ng4 14.Bxg4 Qg5+ 15.Kb1 Qxg4
16.Nd5 Bxd5 17.cxd5 Rac8 18.f3 Qg6 19.Bc3 b5 20.Qd2 f5 21.Rhe1 fxe4 22.Rxe4 Rce8
23.Re1 Rxe4 24.Rxe4 Re8 25.Qe2 Rxe4 26.fxe4 Qb6 27.Qg4 Bf8 28.Qxd7 Qg1+ 29.Ka2 Qf1
30.Qe6+ Kh8 31.d6  1-0

[Event "Manresa"]
[Site "Manresa"]
[Date "1995.??.??"]
[Round "3"]
[White "Garcia Ilundain, David"]
[Black "Epishin, Vladimir"]
[Result "1/2-1/2"]
[WhiteElo "2510"]
[BlackElo "2640"]

1.d4 Nf6 2.Nf3 e6 3.c4 b6 4.a3 Bb7 5.Nc3 g6 6.Qc2 Bxf3 7.gxf3 Nc6 8.Qd1 Bg7
9.Bg5 O-O 10.f4 d5 11.cxd5 exd5 12.Bg2 Ne7 13.b4 a6 14.O-O c6 15.Rc1 Ra7
16.Qd3 Qd6 17.e3 b5 18.Bh3 a5 19.Na2 Rfa8 20.Bxf6 Qxf6 21.Rc3 Qh4 22.Bg2 g5
23.fxg5 Qxg5 24.bxa5 Kh8 25.Kh1 Rg8 26.Bf3 Bf8 27.Nb4 Rg6 28.Qd1 Rxa5 29.Rg1 Qf6
30.Rg3 Rh6 31.Qg1 Rg6 32.Bh5 Rg7 33.Rxg7 Bxg7 34.Nd3 Qf5 35.Qg4 Qxg4 36.Bxg4 f5
37.Bh3 Ra6 38.Nb4 Rb6 39.Kg2 Kg8 40.Kf3 Kf7 41.Bf1 Ke6 42.Nd3 Kd6 43.Nc5 Rb8
44.Rb3 f4 45.Bd3 fxe3 46.fxe3 Rf8+ 47.Ke2  1/2-1/2

[Event "Manzanillo"]
[Site "Manzanillo"]
[Date "1995.??.??"]
[Round "3"]
[White "Moreno, Alejandro"]
[Black "Rivera, Alberto"]
[Result "1/2-1/2"]
[WhiteElo "2335"]
[BlackElo "2370"]

1.d4 Nf6 2.c4 e6 3.Nf3 b6 4.a3 Ba6 5.e3 d5 6.b3 Bd6 7.Bd3 Bb7 8.Bb2 Nbd7
9.O-O O-O 10.Qe2 Ne4 11.Nbd2 a5 12.Rfd1 Qe7 13.Nf1 f5 14.Ne5 Bxe5 15.dxe5 Ndc5
16.Bc2 dxc4 17.bxc4 f4 18.f3 fxe3 19.Qxe3 Ng5 20.f4 Nf7 21.Rd4 Nd8 22.Qh3 g6
23.Ne3 Nc6 24.Rdd1 Rxf4 25.Ng4 Raf8 26.Nf6+ R4xf6 27.exf6 Rxf6 28.Bxf6 Qxf6
29.Rf1 Qg7 30.Rad1 Qe7 31.Rf2 Kg7 32.Rdf1 Nd8 33.Qc3+ e5 34.Re1 Nf7 35.Rfe2 Qf6
36.h3 Qg5 37.Kh2 Kg8 38.Qg3 Qxg3+ 39.Kxg3 Ba6 40.Rxe5 Nxe5 41.Rxe5 Kf7 42.h4 Bxc4
43.h5 Ne6 44.hxg6+ hxg6 45.Re3 Bd5  1/2-1/2

[Event "Marostica op"]
[Site "Marostica"]
[Date "1995.??.??"]
[Round "4"]
[White "Schreuder, R."]
[Black "Bertacco, Piero"]
[Result "1-0"]
[WhiteElo "2200"]
[BlackElo "1745"]

1.Nf3 Nf6 2.c4 b6 3.d4 e6 4.a3 Bb7 5.Nc3 d6 6.g3 Nbd7 7.Bg2 g6 8.d5 e5 9.b4 a5
10.Bb2 Bg7 11.O-O O-O 12.e4 Nh5 13.Ne1 Bh6 14.Nd3 Ba6 15.Nb5 Bb7 16.Qe2 Ng7
17.f4 exf4 18.gxf4 f5 19.e5 dxe5 20.fxe5 Re8 21.e6 axb4 22.axb4 Rxa1 23.Bxa1 Ba6
24.Ne5 Nxe5 25.Qxe5 Bxb5 26.cxb5 Qd6 27.Qxd6 cxd6 28.Bd4 Rb8 29.Ra1 Ne8 30.Ra6 Bd2
31.Rxb6 Rxb6 32.Bxb6 Bxb4 33.Bd8 Kf8 34.Bf1 Ng7 35.b6 Ke8 36.b7 Bc5+ 37.Kg2 Ba7
38.Bc7 Ke7 39.Be2 g5 40.b8=Q Bxb8 41.Bxb8 h5 42.h4 g4 43.Kg3 Ne8 44.Bf1 Nf6
45.Bg2 Ne8 46.Kf4 Kf6 47.Bf1 g3 48.Ba7 Nc7 49.Bd4+ Kg6 50.Bc4 g2 51.Kg3 g1=Q+
52.Bxg1  1-0

[Event "Capablanca mem-C"]
[Site "Matanzas"]
[Date "1995.??.??"]
[Round "11"]
[White "Elissalt Cardenas, Hector"]
[Black "Rivera, Alberto"]
[Result "1-0"]
[WhiteElo "2380"]
[BlackElo "2370"]

1.d4 Nf6 2.c4 e6 3.Nf3 b6 4.a3 Ba6 5.Qc2 Bb7 6.Nc3 d5 7.Bg5 Be7 8.cxd5 exd5
9.e3 Nbd7 10.Bd3 O-O 11.Bxf6 Nxf6 12.O-O-O c5 13.h4 c4 14.Bf5 b5 15.g4 g6
16.g5 Ne8 17.Bg4 Nd6 18.h5 Kg7 19.Ne5 Bxg5 20.hxg6 hxg6 21.Be6 Bc8 22.Bxd5 Bf5
23.Qd2 b4 24.axb4 Qb6 25.Rdg1 a5 26.b5 a4 27.Bxa8 Rxa8 28.Rxg5 a3 29.bxa3 Rxa3
30.Rxf5 Ra1+ 31.Nb1 Nxf5 32.Qb4 Nd6 33.d5 Ra2 34.Nd7  1-0